Văn học hiện đại 2, số 25 (Dành cho Hs THPT)

محفوظ في:
التفاصيل البيبلوغرافية
التنسيق: كتاب
الوسوم: إضافة وسم
لا توجد وسوم, كن أول من يضع وسما على هذه التسجيلة!
Thư viện lưu trữ: Mạng thư viện Đại học Đà Nẵng
LEADER 00428nam a22001691a 4500
001 000040424
003 16719
005 20160412022926.0
008 160412s0 000
082 |a 4N(TK)2258 
245 |a Văn học hiện đại 2, số 25 (Dành cho Hs THPT) 
OWN |a LNN 
999 |a From the UDN01 
TYP |a Monograph 
980 |a Mạng thư viện Đại học Đà Nẵng